| 000 | 01495nam a2200253 4500 | ||
|---|---|---|---|
| 001 | 113557 | ||
| 003 | DR-UNIBE | ||
| 005 | 20250506111042.0 | ||
| 008 | 250506b2009 mx ||||| |||| 00| 0 spa d | ||
| 020 | _a9786074680294 | ||
| 040 |
_aBIBLIOTECA UNIBE _cBIBLIOTECA UNIBE _bspa _erda |
||
| 041 | _aspa | ||
| 082 |
_222 _a342 C65e |
||
| 111 | 1 | 0 |
_a Conferencia Iberoamericana de Justicia Constitucional _cMérida, Yucatán, México _d 2009 _9194916 |
| 245 | 1 | 0 |
_aEstructura y atribuciones de los tribunales y salas constitucionales de Iberoamérica / _cVII Conferencia Iberoamericana de Justicia Constitucional, Mérida, Yucatán, México, 2009 |
| 260 |
_aMérida, Yucatán : _bSuprema Corte de Justicia de México, _c2009 |
||
| 300 |
_axii, 1162 páginas : _bcuadros ; _c25 x 18 cm |
||
| 505 | _aPresentación | Andorra | Argentina | Bolivia | Brasil | Chile | Colombia | Costa Rica | El Salvador | España | Guatemala | Honduras | México | Nicaragua | Panamá | Paraguay | Perú | Portugal | Puerto Rico| República Bolivariana de Venezuela | República Dominicana | Uruguay | ||
| 650 | 7 |
_2lemb _aTribunales constitucionales _zIberoamerica _xCongresos, conferencias, etc _9194927 |
|
| 650 | 7 |
_2lemb _aSalas constitucionales _zIberoamerica _xCongresos, conferencias, etc _9194928 |
|
| 650 |
_2lemb _aDerecho constitucional comparado _xCongresos, conferencias, etc _9194929 |
||
| 700 | 1 | 0 |
_aAguirre Anguiano, Sergio Salvador, _d1943- _9194922 _epresentador |
| 942 |
_2ddc _cBK |
||
| 999 |
_c113557 _d113557 |
||